[Event "?"]
[Site "ICS rated blitz match, 164.58"]
[Date "1997.??.??"]
[Round "?"]
[White "Brause"]
[Black "oldtimer"]
[Result "1-0"]
[WhiteElo "2280"]
[BlackElo "2160"]
[PlyCount "147"]

1. e4 e5 2. Nf3 Nc6 3. Nc3 Nf6 4. Nxe5 Nxe5 5. d4 Ng6 6. e5 Ng8 7. Bc4 d5 8.
Bxd5 c6 9. Be4 f5 10. Bf3 Bb4 11. O-O N8e7 12. Na4 O-O 13. c3 Ba5 14. b4 Bb6
15. Qb3+ Kh8 16. Nxb6 axb6 17. Re1 b5 18. Bg5 h6 19. Bd2 Nd5 20. a4 bxa4 21.
Rxa4 Rxa4 22. Qxa4 b5 23. Qd1 Be6 24. g3 Qd7 25. Qc2 Ra8 26. Bh5 Nge7 27. Bf3
Nb6 28. Qd3 Bc4 29. Qb1 Qe6 30. Bg2 Ra2 31. Qc1 Kh7 32. Be3 Bd5 33. Bf1 Be4 34.
Re2 Rxe2 35. Bxe2 Qa2 36. Bd2 Nc4 37. Bxc4 bxc4 38. h3 Qb1 39. Qxb1 Bxb1 40.
Kf1 Kg6 41. Kg1 Kf7 42. Kf1 Bd3+ 43. Kg2 Ke6 44. f3 Nd5 45. Kf2 g5 46. h4 gxh4
47. gxh4 f4 48. Kg2 Kf5 49. Kf2 Kg6 50. Be1 Kh5 51. Kg2 Bf5 52. Kf1 Be6 53. Ke2
Bh3 54. Kd1 Ne3+ 55. Ke2 Be6 56. Bd2 Ng2 57. Kf2 Nxh4 58. Bxf4 Bd5 59. Be3 Nxf3
60. e6 Nh2 61. e7 Ng4+ 62. Kg3 Bf7 63. Bd2 Nf6 64. Kf4 Nd7 65. b5 cxb5 66. Kf5
Be8 67. d5 Nb6 68. d6 Bd7+ 69. Kf6 Nd5+ 70. Kf7 Kg4 71. e8=Q Bxe8+ 72. Kxe8
Nf6+ 73. Kf7 Kf5 74. Bxh6 1-0

[Event "?"]
[Site "ICS rated blitz match, 164.58"]
[Date "1997.??.??"]
[Round "?"]
[White "Brause"]
[Black "oldtimer"]
[Result "0-1"]
[WhiteElo "2285"]
[BlackElo "2155"]
[PlyCount "198"]

1. e4 e5 2. Nf3 Nc6 3. Nc3 Nf6 4. Nxe5 Nxe5 5. d4 Ng6 6. e5 Ng8 7. Bc4 d5 8.
Bxd5 c6 9. Be4 f5 10. Bf3 Bb4 11. O-O N8e7 12. Ne2 Be6 13. c3 Ba5 14. Nf4 Nxf4
15. Bxf4 Ng6 16. Bd2 O-O 17. Qc1 Bc4 18. Re1 Nh4 19. Bxc6 bxc6 20. Bg5 Nf3+ 21.
gxf3 Qe8 22. b4 Bc7 23. a3 Qg6 24. Kh1 Bd5 25. Qf4 h6 26. Be7 Rf7 27. c4 Bxc4
28. Bc5 Bd5 29. Re3 Re8 30. Rg1 Qh5 31. Rc3 g5 32. Bxa7 Kh8 33. Qe3 g4 34. Qf4
Rg7 35. Bc5 Reg8 36. Rg3 Bxf3+ 37. Kg1 Qg5 38. Qxg5 Rxg5 39. Be7 R5g6 40. Kf1
f4 41. Rgxf3 gxf3 42. Rxf3 Rg1+ 43. Ke2 Ra1 44. Bf6+ Kh7 45. Rc3 Bd8 46. Kf3
Bxf6 47. exf6 Rf8 48. Rxc6 Rxa3+ 49. Kxf4 Rb3 50. Ke5 Rxb4 51. Rc7+ Kh8 52. d5
Rbb8 53. d6 Rbd8 54. f4 h5 55. d7 Kg8 56. Ke6 Rf7 57. h3 Kf8 58. f5 Rh7 59. f7
Rxf7 60. f6 h4 61. Rb7 Rh7 62. Rc7 Kg8 63. Rc4 Rhxd7 64. Rg4+ Kf8 65. Rxh4 Rd6+
66. Kf5 Rd1 67. Kg6 Rg1+ 68. Kf5 Kg8 69. Re4 Rd7 70. Ke6 Ra7 71. h4 Kf8 72. Rd4
Ra6+ 73. Kd5 Rxf6 74. Ke5 Rf7 75. Rc4 Re1+ 76. Kd6 Kg7 77. Rg4+ Kh7 78. Rc4 Rf2
79. Kd5 Rd2+ 80. Kc5 Kh6 81. Rf4 Rc1+ 82. Rc4 Rxc4+ 83. Kxc4 Kh5 84. Kc3 Rd8
85. Kc4 Kxh4 86. Kc5 Kg4 87. Kc4 Kf4 88. Kc5 Ke4 89. Kc6 Kd4 90. Kc7 Rd5 91.
Kc6 Kc4 92. Kb6 Rd6+ 93. Kb7 Kb5 94. Kc7 Rd5 95. Kb7 Rd7+ 96. Kc8 Kc6 97. Kb8
Kb6 98. Kc8 Rd6 99. Kb8 Rd8# 0-1

[Event "?"]
[Site "ICS rated blitz match, 164.58"]
[Date "1997.??.??"]
[Round "?"]
[White "Brause"]
[Black "oldtimer"]
[Result "0-1"]
[WhiteElo "2275"]
[BlackElo "2165"]
[PlyCount "190"]

1. e4 e5 2. Nf3 Nc6 3. Nc3 Nf6 4. Nxe5 Nxe5 5. d4 Ng6 6. e5 Ng8 7. Bc4 d5 8.
Bxd5 c6 9. Be4 f5 10. Bf3 Bb4 11. O-O N8e7 12. Na4 O-O 13. c3 Ba5 14. b4 Bb6
15. Qb3+ Kh8 16. Nxb6 axb6 17. Re1 b5 18. Bg5 h6 19. Bd2 Nd5 20. a4 bxa4 21.
Rxa4 Rxa4 22. Qxa4 b5 23. Qc2 Be6 24. Bd1 Qd7 25. Bf3 Ra8 26. g3 Nb6 27. Qb1
Ne7 28. Bg2 Bc4 29. Qd1 Qe6 30. Be3 Bd5 31. f3 Nc4 32. Bc1 Ra1 33. Qc2 Nb6 34.
Qb2 Ra2 35. Qb1 Bc4 36. Bb2 Qc8 37. Qc1 Nbd5 38. Bh3 Qa6 39. Bf1 Bxf1 40. Kxf1
Qa4 41. Re2 Qb3 42. Kf2 Nb6 43. Ba1 Rxe2+ 44. Kxe2 Nc4 45. Kf2 Qa2+ 46. Kg1 Qe2
47. Qf1 Qxf1+ 48. Kxf1 Kg8 49. Ke2 Nd5 50. Kd3 Kf7 51. Ke2 Ke6 52. Kd3 Ndb6 53.
Ke2 Kd5 54. Kd3 Na8 55. Ke2 Nc7 56. Kd3 Ne6 57. Ke2 g5 58. Ke1 g4 59. f4 Ke4
60. Ke2 Nc7 61. Kd1 Kd3 62. Kc1 Ke2 63. Kc2 Ne6 64. Bb2 Nxb2 65. Kxb2 Kd2 66.
Kb3 Kc1 67. c4 Nxd4+ 68. Kc3 Ne6 69. c5 Kd1 70. Kd3 Ke1 71. Kc3 Kf2 72. Kd3 Kg2
73. Ke3 Kxh2 74. Kf2 Kh3 75. Kf1 Kxg3 76. Ke2 Kxf4 77. Kf2 h5 78. Kg2 h4 79.
Kg1 Kxe5 80. Kf1 Kd4 81. Kf2 Kd3 82. Kf1 f4 83. Kf2 Kd2 84. Kf1 h3 85. Kf2 Nd4
86. Kf1 g3 87. Kg1 Ke2 88. Kh1 Nc2 89. Kg1 Nxb4 90. Kh1 Nd3 91. Kg1 Nxc5 92.
Kh1 f3 93. Kg1 Ne4 94. Kh1 Nf2+ 95. Kg1 h2# 0-1

[Event "?"]
[Site "ICS rated blitz match, 164.58"]
[Date "1997.??.??"]
[Round "?"]
[White "Brause"]
[Black "oldtimer"]
[Result "0-1"]
[WhiteElo "2265"]
[BlackElo "2175"]
[PlyCount "188"]

1. e4 e5 2. Nf3 Nc6 3. Nc3 Nf6 4. Nxe5 Nxe5 5. d4 Ng6 6. e5 Ng8 7. Bc4 d5 8.
Bxd5 c6 9. Be4 f5 10. Bf3 Bb4 11. O-O N8e7 12. Na4 O-O 13. c3 Ba5 14. b4 Bb6
15. Qb3+ Kh8 16. Nxb6 axb6 17. Re1 b5 18. Bg5 h6 19. Bd2 Nd5 20. a4 bxa4 21.
Rxa4 Rxa4 22. Qxa4 b5 23. Qd1 Be6 24. g3 Qd7 25. Qc2 Nb6 26. Bh5 Ne7 27. Qd3
Ra8 28. Bf3 Bc4 29. Qb1 Qe6 30. Bh5 Ra2 31. Qc1 Kh7 32. Bd1 Bd3 33. Re3 Qc4 34.
Re1 Nbd5 35. Kh1 Nb6 36. Kg1 Be4 37. Be2 Qb3 38. Bd1 Qb2 39. Qxb2 Rxb2 40. Bc1
Rb1 41. Bh5 g6 42. Be2 Bd5 43. Bd3 Ra1 44. Bd2 Rxe1+ 45. Bxe1 Bc4 46. Bf1 Bxf1
47. Kxf1 Nc4 48. Ke2 Kg7 49. f3 Nd5 50. Kd3 Kf7 51. Bf2 Ke6 52. Be1 g5 53. Ke2
Nc7 54. Kf2 Kd5 55. h4 Ne6 56. hxg5 hxg5 57. Ke2 g4 58. fxg4 fxg4 59. Bf2 Ke4
60. Bg1 Nc7 61. Bf2 Nd5 62. Be1 Ne7 63. Bf2 Nf5 64. e6 Nb6 65. Be1 Nd5 66. e7
Ndxe7 67. Bf2 Nd5 68. Be1 Nf6 69. Kd2 Kf3 70. Kd3 Nxg3 71. c4 bxc4+ 72. Kxc4
Nf5 73. Kd3 Nd5 74. Kd2 Nxb4 75. d5 Nxd5 76. Kd3 Nde3 77. Bc3 g3 78. Be5 g2 79.
Bh2 c5 80. Bg1 c4+ 81. Kc3 Ke2 82. Kb4 Kd3 83. Ka4 c3 84. Kb5 Kd4 85. Kc6 c2
86. Bf2 c1=Q+ 87. Kd7 Kd5 88. Kd8 Ke6 89. Be1 Qc6 90. Bf2 Nc4 91. Ba7 Na5 92.
Bf2 Nh6 93. Bd4 g1=B 94. Bxg1 Nf7# 0-1

[Event "?"]
[Site "ICS rated blitz match, 164.58"]
[Date "1997.??.??"]
[Round "?"]
[White "Brause"]
[Black "oldtimer"]
[Result "1-0"]
[WhiteElo "2260"]
[BlackElo "2180"]
[PlyCount "87"]

1. e4 e5 2. Nf3 Nc6 3. Nc3 Nf6 4. Nxe5 Nxe5 5. d4 Ng6 6. e5 Ng8 7. Bc4 d5 8.
Bxd5 c6 9. Be4 f5 10. Bf3 Bb4 11. O-O N8e7 12. Na4 O-O 13. c3 Ba5 14. b4 Bb6
15. Qb3+ Kh8 16. Nxb6 axb6 17. Re1 b5 18. Bd2 Nd5 19. a4 bxa4 20. Rxa4 Rxa4 21.
Qxa4 b5 22. Qc2 Be6 23. Ra1 Qd7 24. Ra6 Nde7 25. Bh5 Bd5 26. Ra1 Qe6 27. Qd3 f4
28. Ra7 Nh4 29. f3 g6 30. Bg4 Qf7 31. Be1 Nhf5 32. Qd2 Ne3 33. Bh4 Re8 34. Bg5
Nxg4 35. fxg4 f3 36. Qf2 fxg2 37. Qxf7 Bxf7 38. Bxe7 Bd5 39. Bf6+ Kg8 40. Rg7+
Kf8 41. Rxh7 Be4 42. Ra7 Bf3 43. h4 Bxg4 44. Kxg2 1-0

[Event "?"]
[Site "ICS rated blitz match, 164.58"]
[Date "1997.??.??"]
[Round "?"]
[White "Brause"]
[Black "oldtimer"]
[Result "0-1"]
[WhiteElo "2270"]
[BlackElo "2165"]
[PlyCount "222"]

1. e4 e5 2. Nf3 Nc6 3. Nc3 Nf6 4. Nxe5 Nxe5 5. d4 Ng6 6. e5 Ng8 7. Bc4 d5 8.
Bxd5 c6 9. Be4 f5 10. Bf3 Bb4 11. O-O N8e7 12. Na4 O-O 13. c3 Ba5 14. b4 Bb6
15. Qb3+ Kh8 16. Nxb6 axb6 17. Re1 b5 18. Bd2 Nd5 19. a4 bxa4 20. Rxa4 Rxa4 21.
Qxa4 b5 22. Qc2 Be6 23. Ra1 h6 24. g3 Nge7 25. Qc1 Kh7 26. Bg2 Qd7 27. Ra5 Nb6
28. Qa1 Na4 29. Qd1 Bd5 30. f3 Qe6 31. Qc2 Bb3 32. Qb1 Ba2 33. Qc1 Bc4 34. Ra7
Nd5 35. Bh3 Rf7 36. Qc2 g6 37. Ra8 Nab6 38. Ra1 Qe7 39. Qc1 Qf8 40. Bg2 f4 41.
Qe1 Qe7 42. Qe4 Qe6 43. gxf4 Na4 44. Ra3 Ne7 45. h4 Qf5 46. Kh2 Bd5 47. Qe3 Qc2
48. Bh3 Nf5 49. Bxf5 Qxf5 50. Ra1 Nb6 51. Qe2 Qe6 52. Be3 Bc4 53. Qd2 Nd5 54.
Kg3 Qf5 55. Rh1 Nb6 56. Qc1 Bd5 57. Qb1 Nc4 58. Qxf5 gxf5 59. Bc1 Rg7+ 60. Kf2
Ra7 61. Re1 Ra1 62. Kg3 Be6 63. Kf2 Nb6 64. Be3 Rxe1 65. Kxe1 Kg6 66. Kf2 Kh5
67. Kg3 Bb3 68. Bd2 Nd5 69. Be1 Kg6 70. Bd2 Nb6 71. Kf2 Bd1 72. Kg3 Nd5 73. Kf2
Kh5 74. Kg3 Nb6 75. Be3 Nc4 76. Bc1 Bc2 77. Kh3 Bd3 78. Kg3 Be2 79. Kf2 Bd1 80.
Kg3 Bb3 81. Kh3 Ba4 82. Kg3 Bd1 83. Kh3 Bxf3 84. Kg3 Bg4 85. Kf2 Kxh4 86. e6
Bh5 87. Kg2 Be8 88. Kf3 Kh5 89. Ke2 Kg6 90. Kf3 Kf6 91. e7 Kxe7 92. Kf2 Bh5 93.
Kf1 Ke6 94. Kg2 Kd5 95. Kf2 Ke4 96. Kg1 Kd3 97. Kf2 Bg4 98. Kf1 Kc2 99. Kf2
Kxc1 100. Kg3 Kd2 101. d5 cxd5 102. Kf2 Nd6 103. Kf1 Ne4 104. Kg1 Ke2 105. Kg2
h5 106. Kg1 Bh3 107. Kh2 Bf1 108. Kg1 Nd2 109. Kh2 Kf2 110. c4 Nf3+ 111. Kh1
Bg2# 0-1

[Event "?"]
[Site "ICS rated blitz match, 164.58"]
[Date "1997.??.??"]
[Round "?"]
[White "Brause"]
[Black "dexy"]
[Result "1-0"]
[WhiteElo "2275"]
[BlackElo "1830"]
[PlyCount "35"]

1. e4 Nf6 2. Nc3 e5 3. Nf3 Nc6 4. Nxe5 Nxe5 5. d4 Nc6 6. d5 Ne5 7. f4 Ng6 8. e5
Ng8 9. d6 cxd6 10. exd6 Qf6 11. Nb5 Nxf4 12. Nc7+ Kd8 13. Nxa8 Bxd6 14. Qf3 Nh6
15. c3 Re8+ 16. Kd1 Bb8 17. g3 d5 18. h3 1-0

[Event "?"]
[Site "ICS rated blitz match, 164.58"]
[Date "1997.??.??"]
[Round "?"]
[White "Brause"]
[Black "oldtimer"]
[Result "1-0"]
[WhiteElo "2275"]
[BlackElo "2175"]
[PlyCount "88"]

1. e4 e5 2. Nf3 Nc6 3. Nc3 Nf6 4. Nxe5 Nxe5 5. d4 Ng6 6. e5 Ng8 7. Bc4 d5 8.
Bxd5 c6 9. Be4 f5 10. Bf3 Bb4 11. O-O N8e7 12. Na4 O-O 13. c3 Ba5 14. b4 Bb6
15. Qb3+ Kh8 16. Nxb6 axb6 17. Re1 b5 18. Bd2 Nd5 19. a4 bxa4 20. Rxa4 Rxa4 21.
Qxa4 b5 22. Qc2 Be6 23. Ra1 Nge7 24. Qc1 Nb6 25. Bg5 Bd5 26. Ra6 Nbc8 27. Be2
Qd7 28. g3 Qe6 29. Bxb5 h6 30. Bd2 cxb5 31. Rxe6 Bxe6 32. Bxh6 Kh7 33. Bg5 Bc4
34. Qf4 Nd5 35. Qf3 Nce7 36. h4 Kg8 37. h5 Kh7 38. g4 f4 39. Qh1 f3 40. h6 g6
41. Qh2 Re8 42. e6 Ng8 43. Qd6 Ngf6 44. Qe5 Rf8 1-0

[Event "?"]
[Site "ICS rated blitz match, 164.58"]
[Date "1997.??.??"]
[Round "?"]
[White "Brause"]
[Black "oldtimer"]
[Result "1-0"]
[WhiteElo "2280"]
[BlackElo "2170"]
[PlyCount "155"]

1. e4 e5 2. Nf3 Nc6 3. Nc3 Nf6 4. Nxe5 Nxe5 5. d4 Ng6 6. e5 Ng8 7. Bc4 d5 8.
Bxd5 c6 9. Be4 f5 10. Bf3 Bb4 11. O-O N8e7 12. Na4 O-O 13. c3 Ba5 14. b4 Bb6
15. Qb3+ Kh8 16. Nxb6 axb6 17. Re1 b5 18. Bd2 Nd5 19. a4 Be6 20. axb5 Rxa1 21.
Rxa1 cxb5 22. Qb2 Qd7 23. Ra7 Nge7 24. Qc2 Nc6 25. Ra1 Nb6 26. g3 Bd5 27. Be2
Bc4 28. Bf3 Qe6 29. Bg2 Nd5 30. Qd1 Qg6 31. Qc1 Qh5 32. h3 Qe2 33. Bg5 Qd3 34.
Ra3 Kg8 35. Bd2 Nc7 36. Bg5 Ne6 37. Be3 Kf7 38. Ra1 Nc7 39. Qe1 Bd5 40. Rd1 Qc2
41. Rc1 Qb3 42. f3 Ra8 43. Rb1 Qa2 44. Rd1 Nd8 45. Bf2 Nde6 46. Qe3 Qb2 47. Be1
Ra1 48. Rxa1 Qxa1 49. Qd2 Qa2 50. Qe3 Bc4 51. Bd2 Qb1+ 52. Kh2 Nd5 53. Qg1
Qxg1+ 54. Kxg1 h6 55. Kf2 Nb6 56. Be3 Bd5 57. Bf1 Nc4 58. Bd3 f4 59. gxf4 g6
60. f5 gxf5 61. Bxh6 Kg6 62. Be3 Ng5 63. Bf1 Na3 64. h4 Ne6 65. Bd3 Bc4 66. h5+
Kxh5 67. Bxf5 Bd5 68. Bd3 Nc4 69. f4 Kg4 70. f5 Nf4 71. Bxf4 Kxf4 72. f6 Be6
73. Bg6 Nb6 74. Be8 Nd5 75. Ke1 Ke3 76. f7 Bxf7 77. Bxf7 Nxc3 78. d5 1-0

[Event "?"]
[Site "ICS rated blitz match, 164.58"]
[Date "1997.??.??"]
[Round "?"]
[White "Brause"]
[Black "LightViolet"]
[Result "1-0"]
[WhiteElo "2295"]
[BlackElo "2545"]
[PlyCount "67"]

1. e4 e5 2. Nf3 Nc6 3. Nc3 Nf6 4. Nxe5 Nxe5 5. d4 Nc6 6. d5 Nb8 7. e5 Ng8 8. d6
cxd6 9. exd6 Qf6 10. Nb5 Na6 11. Bc4 Qe5+ 12. Be3 Qe4 13. Qe2 g6 14. Nc3 Qxg2
15. Bd5 Qxh1+ 16. Bxh1 Kd8 17. Nb5 f6 18. Bxa7 Rxa7 19. Nxa7 Bxd6 20. Nxc8 Kxc8
21. Rd1 Bb4+ 22. c3 Be7 23. Bxb7+ Kxb7 24. Qb5+ Kc8 25. Qxa6+ Kd8 26. Qa8+ Kc7
27. Qa7+ Kc6 28. Rxd7 Bd6 29. Qb7+ Kc5 30. Qb4+ Kd5 31. Rxd6+ Ke5 32. Qc5+ Ke4
33. Rd4+ Kf3 34. Qc6# 1-0

[Event "?"]
[Site "ICS rated blitz match, 164.58"]
[Date "1997.??.??"]
[Round "?"]
[White "Brause"]
[Black "jos"]
[Result "1-0"]
[WhiteElo "2315"]
[BlackElo "2265"]
[PlyCount "111"]

1. e4 e5 2. Nf3 Nf6 3. Nc3 Nc6 4. Nxe5 Nxe5 5. d4 Nc6 6. d5 Ne5 7. f4 Ng6 8. e5
Ng8 9. d6 cxd6 10. exd6 Qh4+ 11. g3 Qf6 12. Nb5 Qe6+ 13. Kf2 Bxd6 14. Nxd6+ Kf8
15. Bc4 Qf6 16. Nxf7 N8e7 17. Nxh8 Nxh8 18. Qd3 Nhg6 19. Re1 d6 20. Bd2 Bf5 21.
Qb3 Qd4+ 22. Be3 Qe4 23. Bxa7 Qxc2+ 24. Qxc2 Bxc2 25. Bd4 d5 26. Be2 Be4 27.
Bf3 Bxf3 28. Kxf3 Ra4 29. Red1 Rc4 30. Rac1 Rc6 31. Rxc6 bxc6 32. a4 Ke8 33.
Bxg7 Nf5 34. Bd4 Nf8 35. g4 Nxd4+ 36. Rxd4 Ne6 37. Rd1 Ke7 38. b4 Kd6 39. a5
Nc7 40. Ke3 Na6 41. Rd4 Nc7 42. h4 Ne6 43. a6 Kc7 44. f5 Nxd4 45. Kxd4 Kb6 46.
f6 Kxa6 47. f7 Kb5 48. f8=Q Ka4 49. Kc3 d4+ 50. Kb2 Kb5 51. Qc5+ Ka6 52. Qxc6+
Ka7 53. b5 Kb8 54. b6 d3 55. Qc7+ Ka8 56. Qc8# 1-0

[Event "?"]
[Site "ICS rated blitz match, 164.58"]
[Date "1997.??.??"]
[Round "?"]
[White "Brause"]
[Black "Cule"]
[Result "1-0"]
[WhiteElo "2340"]
[BlackElo "2230"]
[PlyCount "111"]

1. e4 e5 2. Nf3 Nc6 3. Nc3 Nf6 4. Nxe5 Nxe5 5. d4 Nc6 6. d5 Ne5 7. f4 Ng6 8. e5
Ng8 9. d6 c6 10. g3 b6 11. h4 h5 12. Be2 Nh6 13. Bxh5 Nf5 14. Ne4 Ba6 15. Bxg6
fxg6 16. Qg4 Rh6 17. Kd1 Bc4 18. Ng5 b5 19. Bd2 Qb6 20. Re1 O-O-O 21. Ne4 Re8
22. a4 b4 23. a5 Qd4 24. Kc1 b3 25. Bc3 Qd5 26. cxb3 Bxb3 27. Ra3 a6 28. Nd2
Ba2 29. b3 Qd3 30. Bb2 Bxd6 31. Rxa2 Bb4 32. Qe2 Qxe2 33. Rxe2 Nxg3 34. Rg2 Nh5
35. Rg4 Rf8 36. Ra4 c5 37. Nc4 Nxf4 38. Kc2 Ne6 39. Nb6+ Kd8 40. Nd5 Rf2+ 41.
Kb1 Bd2 42. Ra2 Rf1+ 43. Kc2 Be1 44. Ra1 Rf2+ 45. Kb1 Rf3 46. Rg1 Bxh4 47. Ka2
Bg3 48. Rad1 Rh2 49. Rh1 c4 50. bxc4 Rxh1 51. Rxh1 Bxe5 52. Rh8+ Rf8 53. Rxf8+
Nxf8 54. Bxe5 Ne6 55. Nb4 g5 56. Nxa6 1-0

[Event "?"]
[Site "ICS rated blitz match, 164.58"]
[Date "1997.??.??"]
[Round "?"]
[White "Brause"]
[Black "oldtimer"]
[Result "0-1"]
[WhiteElo "2345"]
[BlackElo "2165"]
[PlyCount "146"]

1. e4 e5 2. Nf3 Nc6 3. Nc3 Nf6 4. Nxe5 Nxe5 5. d4 Ng6 6. e5 Ng8 7. Bc4 d5 8.
Bxd5 c6 9. Be4 f5 10. Bf3 Bb4 11. O-O N8e7 12. Na4 O-O 13. c3 Ba5 14. b4 Bb6
15. Qb3+ Kh8 16. Nxb6 axb6 17. Re1 b5 18. Qc2 Be6 19. Bg5 h6 20. Bxe7 Nxe7 21.
Re3 Ra4 22. Qb2 f4 23. Rd3 Bc4 24. Rd2 Ra8 25. Bh5 f3 26. Bxf3 Rxf3 27. gxf3
Ng6 28. f4 Nxf4 29. f3 Qg5+ 30. Kh1 Bd5 31. Rf1 Qg4 32. Rdf2 Nd3 33. Rg2 Bxf3
34. Rxf3 Qxf3 35. Qe2 Qxe2 36. Rxe2 Nf4 37. Rc2 Nd5 38. Kg1 Kg8 39. h4 Rf8 40.
c4 Ne3 41. Re2 Nxc4 42. e6 Nb6 43. Re5 Nd5 44. h5 Re8 45. Kh1 Nc7 46. Kg2 Rxe6
47. Kf3 Rxe5 48. dxe5 Kf7 49. a3 Ke6 50. Kf4 Nd5+ 51. Ke4 b6 52. Kd4 Nf4 53.
Ke4 Nxh5 54. Kd4 Ng3 55. Ke3 Kxe5 56. Kf3 Nf5 57. Kf2 Ke4 58. Kf1 g5 59. Kg2 g4
60. Kf2 Kd3 61. Kf1 Kd2 62. Kg1 Ke2 63. Kg2 h5 64. Kg1 Ne3 65. a4 bxa4 66. b5
c5 67. Kh2 h4 68. Kg1 g3 69. Kh1 h3 70. Kg1 Nf5 71. Kh1 Nd4 72. Kg1 Nf3+ 73.
Kh1 g2# 0-1

[Event "?"]
[Site "ICS rated blitz match, 164.58"]
[Date "1997.??.??"]
[Round "?"]
[White "Brause"]
[Black "oldtimer"]
[Result "0-1"]
[WhiteElo "2330"]
[BlackElo "2175"]
[PlyCount "202"]

1. e4 e5 2. Nf3 Nc6 3. Nc3 Nf6 4. Nxe5 Nxe5 5. d4 Ng6 6. e5 Ng8 7. Bc4 d5 8.
Bxd5 c6 9. Be4 f5 10. Bf3 Bb4 11. O-O N8e7 12. Na4 O-O 13. c3 Ba5 14. b4 Bb6
15. Qb3+ Kh8 16. Nxb6 axb6 17. Re1 b5 18. Qc2 Be6 19. Bg5 h6 20. Bxe7 Nxe7 21.
Re3 f4 22. Ree1 Bd5 23. Bg4 Qe8 24. Qe2 f3 25. Bxf3 Rxf3 26. c4 bxc4 27. gxf3
Qg6+ 28. Kf1 Nf5 29. Red1 Nh4 30. Qe3 Rf8 31. f4 Qg2+ 32. Ke1 Qxh2 33. Qg3 Rxf4
34. Qxh2 Nf3+ 35. Ke2 Nxh2 36. Ke3 Re4+ 37. Kd2 Rxd4+ 38. Kc3 Rf4 39. Re1 Rxf2
40. e6 Rf8 41. Re2 Ng4 42. e7 Re8 43. Kd4 Nf6 44. a4 Kg8 45. Rae1 Nd7 46. b5
Bf7 47. bxc6 bxc6 48. Rd2 Bd5 49. a5 Kf7 50. Rde2 Nf6 51. a6 h5 52. Kc5 c3 53.
a7 Ra8 54. e8=Q+ Nxe8 55. Rxe8 Rxa7 56. Rh8 Ra4 57. Rxh5 Rc4+ 58. Kd6 c2 59.
Rf5+ Kg6 60. Rff1 Bf3 61. Re6+ Kh7 62. Rc1 Bd1 63. Re5 Rb4 64. Rc5 Rb1 65.
R1xc2 Bxc2 66. Rxc2 Re1 67. Rxc6 Kh6 68. Kd5+ Kh5 69. Rc8 g5 70. Rh8+ Kg4 71.
Rf8 Kg3 72. Kd4 g4 73. Rf7 Kg2 74. Rg7 g3 75. Kd3 Re8 76. Kd4 Kf2 77. Rf7+ Kg1
78. Rg7 g2 79. Kd5 Rf8 80. Ke6 Kf2 81. Ke5 g1=Q 82. Rxg1 Kxg1 83. Kd5 Kf2 84.
Ke6 Ke3 85. Kd5 Rc8 86. Ke6 Ke4 87. Kd6 Rc4 88. Ke6 Rc6+ 89. Kf7 Ke5 90. Ke7
Rc7+ 91. Kd8 Kd6 92. Ke8 Ke6 93. Kf8 Rb7 94. Kg8 Kf6 95. Kh8 Kg6 96. Kg8 Rf7
97. Kh8 Rf6 98. Kg8 Rf5 99. Kh8 Rf4 100. Kg8 Rf3 101. Kh8 Rf8# 0-1

[Event "?"]
[Site "ICS rated blitz match, 164.58"]
[Date "1997.??.??"]
[Round "?"]
[White "Brause"]
[Black "oldtimer"]
[Result "1-0"]
[WhiteElo "2320"]
[BlackElo "2185"]
[PlyCount "69"]

1. e4 e5 2. Nf3 Nc6 3. Nc3 Nf6 4. Nxe5 Nxe5 5. d4 Ng6 6. e5 Ng8 7. Bc4 d5 8.
Bxd5 c6 9. Bb3 Bb4 10. O-O Bxc3 11. Qf3 Be6 12. Bxe6 fxe6 13. Qxc3 N8e7 14. Qb3
Qd7 15. c3 O-O 16. Qd1 c5 17. Re1 cxd4 18. cxd4 Nc6 19. Be3 Nce7 20. Bc1 Rac8
21. Re4 Nd5 22. Bg5 Qf7 23. f3 Qf5 24. Bd2 Rc6 25. Qa4 a6 26. Qb3 Qf7 27. Rf1
Qc7 28. Qa4 Qb6 29. Rb1 Qb5 30. Qxb5 axb5 31. Bg5 h6 32. Be3 Rfc8 33. h3 Rc2
34. Bf2 Ngf4 35. Kf1 1-0

[Event "?"]
[Site "ICS rated blitz match, 164.58"]
[Date "1997.??.??"]
[Round "?"]
[White "Brause"]
[Black "gsc"]
[Result "1-0"]
[WhiteElo "2330"]
[BlackElo "2840"]
[PlyCount "34"]

1. e4 e5 2. Nf3 Nc6 3. Nc3 Nf6 4. Nxe5 Nxe5 5. d4 Nc6 6. d5 Ne5 7. f4 Ng6 8. e5
Ng8 9. d6 cxd6 10. exd6 Qh4+ 11. g3 Qf6 12. Nb5 Qe6+ 13. Kf2 Bxd6 14. Nxd6+ Kd8
15. Bc4 Qf6 16. Nxf7+ Kc7 17. Nxh8 Nxh8 1-0

[Event "?"]
[Site "ICS rated blitz match, 164.58"]
[Date "1997.??.??"]
[Round "?"]
[White "Brause"]
[Black "gsc"]
[Result "1-0"]
[WhiteElo "2330"]
[BlackElo "2840"]
[PlyCount "29"]

1. e4 e5 2. Nf3 Nc6 3. Nc3 Nf6 4. Nxe5 Nxe5 5. d4 Ng6 6. e5 Qe7 7. f4 d6 8. Be2
dxe5 9. fxe5 Nd7 10. O-O b6 11. Bf3 Rb8 12. Bd5 Bb7 13. Bxf7+ Kd8 14. Qh5 Ndxe5
15. Bg5 1-0

[Event "?"]
[Site "ICS rated blitz match, 164.58"]
[Date "1997.??.??"]
[Round "?"]
[White "Brause"]
[Black "oldtimer"]
[Result "0-1"]
[WhiteElo "2330"]
[BlackElo "2180"]
[PlyCount "136"]

1. e4 e5 2. Nf3 Nc6 3. Nc3 Nf6 4. Nxe5 Nxe5 5. d4 Ng6 6. e5 Ng8 7. Bc4 d5 8.
Bxd5 c6 9. Be4 f5 10. Bf3 Bb4 11. O-O N8e7 12. Na4 O-O 13. c3 Ba5 14. b4 Bb6
15. Qb3+ Kh8 16. Nxb6 axb6 17. Re1 b5 18. Qc2 Be6 19. Bg5 h6 20. Bxe7 Nxe7 21.
Re3 f4 22. Re2 Bd5 23. Bg4 f3 24. Re3 Qe8 25. Bxf3 Bxf3 26. Rxf3 Rxf3 27. gxf3
Qg6+ 28. Qxg6 Nxg6 29. a3 Kg8 30. Kf1 Nf4 31. Ke1 g5 32. Kd2 Kf7 33. Kc2 Nd5
34. Kb3 Nb6 35. Ra2 Ke6 36. f4 gxf4 37. Kc2 Nc4 38. Kb3 Nb6 39. Kc2 Rg8 40. Kd3
Rg2 41. h4 Rh2 42. Ra1 Rxf2 43. Rg1 Rf3+ 44. Ke4 Rg3 45. Rxg3 fxg3 46. Kf3 Nd5
47. Kxg3 h5 48. Kf3 Kf5 49. Ke2 Nxc3+ 50. Kf3 Nd5 51. Kf2 Kg4 52. Ke2 Kxh4 53.
Kf3 Kg5 54. Kg3 h4+ 55. Kf3 Kf5 56. Kf2 Kf4 57. Kg2 Kg4 58. Kg1 Kg3 59. Kf1 h3
60. Kg1 Nc7 61. Kf1 h2 62. Ke2 h1=Q 63. Kd2 Nd5 64. e6 Qg2+ 65. Kc1 Ne3 66. Kb1
Qc2+ 67. Ka1 Nd1 68. d5 Qb2# 0-1

[Event "?"]
[Site "ICS rated blitz match, 164.58"]
[Date "1997.??.??"]
[Round "?"]
[White "Brause"]
[Black "oldtimer"]
[Result "0-1"]
[WhiteElo "2320"]
[BlackElo "2195"]
[PlyCount "276"]

1. e4 e5 2. Nf3 Nc6 3. Nc3 Nf6 4. Nxe5 Nxe5 5. d4 Ng6 6. e5 Ng8 7. Bc4 d5 8.
Bxd5 c6 9. Be4 f5 10. Bf3 Bb4 11. O-O N8e7 12. Na4 O-O 13. c3 Ba5 14. b4 Bb6
15. Qb3+ Kh8 16. Nxb6 axb6 17. Bg5 h6 18. Bc1 b5 19. Re1 Nd5 20. Qc2 Be6 21.
Bd2 Nb6 22. g3 Bd5 23. Bh5 Ne7 24. Bf4 g6 25. Be2 g5 26. Bd2 Be4 27. Qc1 Rg8
28. Qd1 Bd5 29. Qc2 Qd7 30. a3 Qe6 31. h3 Be4 32. Qd1 Nc4 33. Bc1 Bd5 34. a4
bxa4 35. Rxa4 b5 36. Rxa8 Rxa8 37. f4 Rg8 38. fxg5 hxg5 39. Bxc4 bxc4 40. Qh5+
Kg7 41. Bxg5 Qg6 42. Qxg6+ Nxg6 43. Kf2 Ra8 44. h4 Ra3 45. Bd2 Nf8 46. h5 Ne6
47. Re2 Kh7 48. Kf1 Ra2 49. Kf2 Ra1 50. Re1 Rxe1 51. Kxe1 Bf3 52. h6 Nd8 53.
Bf4 Bd5 54. Ke2 Nf7 55. Ke3 Nxh6 56. Bg5 Kg6 57. Be7 Ng4+ 58. Ke2 Kf7 59. Bd6
Ke6 60. Bc5 Be4 61. Bf8 Kd5 62. Bc5 Bg2 63. Bf8 Ke6 64. Bc5 Nh6 65. Ke3 Bh3 66.
Kf4 Nf7 67. Bb6 Kd7 68. Bc5 Nd8 69. Kg5 Ne6+ 70. Kh4 Bg4 71. Bd6 Be2 72. Bb8
Bf3 73. Bd6 Be4 74. g4 fxg4 75. Kxg4 Ke8 76. Kg3 Kf7 77. Kg4 Kg6 78. Be7 Nc7
79. Bh4 Nd5 80. Be1 Bc2 81. Kf3 Kf5 82. Ke2 Ke4 83. Bd2 Bd3+ 84. Kf2 Bb1 85.
Ke2 Bc2 86. Be1 Bd3+ 87. Kd2 Nf4 88. Bh4 Ne6 89. Bf2 Bf1 90. Be3 Bh3 91. Bh6
Nc7 92. Bg5 Nd5 93. Kc2 Kf3 94. Kd2 Bf5 95. Bh6 Be6 96. Bg5 Nf4 97. Bh6 Ne2 98.
Bg5 Ng3 99. Bh6 Ne4+ 100. Kc2 Ke2 101. b5 cxb5 102. Bf8 Nf2 103. Bb4 Nd3 104.
Ba5 Bf5 105. d5 Nxe5+ 106. Kb2 Nd3+ 107. Ka3 Kd2 108. Ka2 Kc2 109. Ka3 Bd7 110.
d6 Nf4 111. Kb4 Nd5+ 112. Kc5 Nxc3 113. Kb6 Nd5+ 114. Kc5 Nf4 115. Kd4 Ne6+
116. Ke4 c3 117. Ke3 Kb2 118. Kd3 c2 119. Bc3+ Kb1 120. Bd2 c1=Q 121. Bxc1 Kxc1
122. Kc3 Nc5 123. Kb4 Nb7 124. Kc3 Nxd6 125. Kb4 Ne4 126. Kb3 Kd2 127. Kb2 Nc5
128. Ka1 Kc2 129. Ka2 b4 130. Ka1 Kb3 131. Kb1 Nd3 132. Ka1 Ba4 133. Kb1 Ka3
134. Ka1 Bb3 135. Kb1 Bd1 136. Ka1 b3 137. Kb1 Bc2+ 138. Ka1 b2# 0-1

[Event "?"]
[Site "ICS rated blitz match, 164.58"]
[Date "1997.??.??"]
[Round "?"]
[White "Brause"]
[Black "wangle"]
[Result "1/2-1/2"]
[WhiteElo "2320"]
[BlackElo "2035"]
[PlyCount "113"]

1. e4 e5 2. Nf3 Nc6 3. Nc3 Nf6 4. Nxe5 Nxe5 5. d4 Nc6 6. d5 Bb4 7. Bg5 h6 8.
Bf4 Nxe4 9. Qf3 Bxc3+ 10. bxc3 O-O 11. dxc6 dxc6 12. Qxe4 Re8 13. Be5 Qe7 14.
f4 f6 15. Bc4+ Be6 16. Bxe6+ Qxe6 17. O-O fxe5 18. Rfe1 Qd5 19. Qxd5+ cxd5 20.
Rxe5 Rxe5 21. fxe5 Re8 22. Rb1 b6 23. Re1 Kf7 24. a4 Ke6 25. Re3 Rf8 26. h3 Rf5
27. c4 Rxe5 28. cxd5+ Kxd5 29. Rd3+ Kc6 30. Kf2 a6 31. Rf3 Re7 32. Rf4 Kc5 33.
c3 c6 34. Rd4 b5 35. a5 h5 36. g3 Re5 37. Rd7 b4 38. cxb4+ Kxb4 39. Rxg7 c5 40.
g4 hxg4 41. hxg4 c4 42. Rb7+ Kc3 43. Rf7 Kc2 44. Rf5 Re8 45. Rf6 c3 46. Rxa6
Kc1 47. Rc6 c2 48. Rh6 Kd2 49. Rd6+ Kc3 50. Rc6+ Kd3 51. Rc7 Kd2 52. Rd7+ Kc3
53. Rc7+ Kb2 54. Rb7+ Kc3 55. Rc7+ Kd2 56. Rd7+ Kc3 57. Rc7+ 1/2-1/2